[Event "Almaty Academy IM 12"]
[Site "Almaty"]
[Date "2022.12.13"]
[Round "8"]
[White "Suyarov, Mukhammadzokhid"]
[Black "Matevosyan, Sedrak"]
[Result "1-0"]
[WhiteElo "2299"]
[BlackElo "2176"]
[PlyCount "35"]
[EventDate "2022.12.07"]
[EventType "tourn"]
[EventRounds "9"]
[EventCountry "KAZ"]
[EventCategory "1"]
[SourceTitle "CBM 211 Extra"]
[Source "ChessBase"]
[SourceDate "2023.01.31"]
[SourceVersion "1"]
[SourceVersionDate "2023.01.31"]
[SourceQuality "1"]

1. d4 e6 2. Nc3 b6 3. e4 Bb4 4. Bd3 Bb7 5. Nge2 Nf6 6. 0-0 d5 7. e5 Ne4 8. Nb1 f5 9. Nf4 Qd7 10. Qh5+ Qf7 11. Qxf7+ Kxf7 12. f3 g5 13. Ne2 Kg6 14. fxe4 dxe4 15. Bc4 Bd5 16. Bxd5 exd5 17. h4 h6 18. h5+ 1-0

[Event "Almaty Academy IM 12"]
[Site "Almaty"]
[Date "2022.12.08"]
[Round "2"]
[White "Bizhigitov, Zhangir"]
[Black "Matevosyan, Sedrak"]
[Result "0-1"]
[WhiteElo "2292"]
[BlackElo "2176"]
[PlyCount "84"]
[EventDate "2022.12.07"]
[EventType "tourn"]
[EventRounds "9"]
[EventCountry "KAZ"]
[EventCategory "1"]
[SourceTitle "CBM 211 Extra"]
[Source "ChessBase"]
[SourceDate "2023.01.31"]
[SourceVersion "1"]
[SourceVersionDate "2023.01.31"]
[SourceQuality "1"]

1. e4 g6 2. d4 Bg7 3. Nc3 c6 4. Nf3 d5 5. h3 dxe4 6. Nxe4 Nd7 7. Bc4 Ngf6 8. Nxf6+ Nxf6 9. 0-0 0-0 10. c3 Qd6 11. Re1 Bf5 12. Qe2 Rfe8 13. Bg5 Rad8 14. Bh4 Nd5 15. Bg3 Qd7 16. Bb3 Bh6 17. Qf1 Qc8 18. Ne5 Be6 19. Nd3 Bf5 20. Rad1 Bxd3 21. Rxd3 b5 22. Rf3 e6 23. Be5 Bg7 24. h4 b4 25. h5 bxc3 26. bxc3 c5 27. Bxg7 Kxg7 28. h6+ Kg8 29. Qe2 Qc7 30. Ba4 Rf8 31. dxc5 Rc8 32. c4 Nf4 33. Qe3 g5 34. Rg3 f6 35. c6 Qd6 36. Rd1 Qb8 37. Rd7 Rf7 38. c7 Qb1+ 39. Kh2 Qg6 40. Qxf4 gxf4 41. Rxg6+ hxg6 42. h7+ Rxh7+ 0-1

[Event "Poti op 14th"]
[Site "Poti"]
[Date "2019.07.15"]
[Round "3"]
[White "Muradli, Mahammad"]
[Black "Matevosyan, Sedrak"]
[Result "1/2-1/2"]
[WhiteElo "2454"]
[BlackElo "2185"]
[PlyCount "105"]
[EventDate "2019.07.13"]
[EventType "swiss"]
[EventRounds "9"]
[EventCountry "GEO"]
[SourceTitle "EXT 2020"]
[Source "ChessBase"]
[SourceDate "2019.10.17"]
[SourceVersion "1"]
[SourceVersionDate "2019.10.17"]
[SourceQuality "1"]

1. d4 Nf6 2. c4 e6 3. Nf3 b6 4. g3 Ba6 5. b3 Bb4+ 6. Bd2 Be7 7. Nc3 d5 8. cxd5 exd5 9. Bg2 Nbd7 10. 0-0 0-0 11. Bf4 Bb7 12. Qc2 Nh5 13. Bc1 Nhf6 14. Bf4 Nh5 15. Be3 Nhf6 16. Rad1 Re8 17. Bf4 a6 18. Ne5 Bd6 19. Bg5 Be7 20. Rfe1 h6 21. Bf4 Bd6 22. Qf5 Nf8 23. Nxd5 Bxd5 24. Bxd5 Bxe5 25. Bxf7+ Kxf7 26. dxe5 Qc8 27. Qxc8 Raxc8 28. exf6 Kxf6 29. f3 Ne6 30. Kf2 Nxf4 31. gxf4 Red8 32. e4 c5 33. Ke2 b5 34. h4 h5 35. Rxd8 Rxd8 36. Rd1 Rxd1 37. Kxd1 g6 38. Kd2 Ke6 39. Ke3 Kd6 40. Kd3 Ke6 41. a4 Kd6 42. a5 Ke6 43. Ke3 Kf6 44. e5+ Ke7 45. Kd3 Kd7 46. Kc2 Ke6 47. b4 c4 48. Kd2 Ke7 49. Ke3 Kd7 50. Kd4 Ke7 51. Ke4 Kd7 52. Kd4 Ke7 53. Ke4 1/2-1/2

[Event "Poti op 13th"]
[Site "Poti"]
[Date "2018.07.14"]
[Round "3"]
[White "Sattarov, Bobir"]
[Black "Matevosyan, Sedrak"]
[Result "1-0"]
[WhiteElo "2328"]
[BlackElo "2161"]
[PlyCount "101"]
[EventDate "2018.07.13"]
[EventType "swiss"]
[EventRounds "9"]
[EventCountry "GEO"]
[SourceTitle "CBM 185 Extra"]
[Source "ChessBase"]
[SourceDate "2018.07.29"]
[SourceVersion "1"]
[SourceVersionDate "2018.07.29"]
[SourceQuality "1"]

1. e4 c5 2. Nf3 d6 3. d4 cxd4 4. Nxd4 Nf6 5. f3 g6 6. Nc3 Bg7 7. Be3 0-0 8. Qd2 Nc6 9. g4 Bd7 10. 0-0-0 Qa5 11. Nb3 Qc7 12. Bh6 a5 13. a4 Ne5 14. Nd4 Rac8 15. h4 Nxf3 16. Nxf3 Nxe4 17. Nxe4 Bxh6 18. g5 Bg7 19. Bb5 Bf5 20. Rhe1 d5 21. Nc3 Bxc3 22. bxc3 Qxc3 23. Qxc3 Rxc3 24. Nd4 Be4 25. Bd3 Bxd3 26. Rxd3 Rxd3 27. cxd3 Re8 28. Kd2 Kg7 29. Rb1 e5 30. Nc2 h6 31. Rxb7 hxg5 32. hxg5 Rh8 33. Rb5 Rh5 34. Rxd5 Rxg5 35. Rxa5 Rg2+ 36. Kc3 Kf6 37. Ra8 Rg3 38. Kc4 Rg2 39. Nb4 Rg4+ 40. Kc5 Rg1 41. a5 g5 42. a6 Ra1 43. a7 g4 44. Nc6 Kg5 45. Rg8+ Kf4 46. a8Q Rxa8 47. Rxa8 f5 48. Rg8 e4 49. dxe4 fxe4 50. Nd4 e3 51. Kc4 1-0

[Event "Yerevan op 2nd"]
[Site "Yerevan"]
[Date "2017.09.24"]
[Round "6"]
[White "Rezanezhad, Mojtaba"]
[Black "Matevosyan, Sedrak"]
[Result "0-1"]
[WhiteElo "1822"]
[BlackElo "2202"]
[PlyCount "118"]
[EventDate "2017.09.19"]
[EventType "swiss"]
[EventRounds "9"]
[EventCountry "ARM"]
[SourceTitle "CBM 180 Extra"]
[Source "ChessBase"]
[SourceDate "2017.10.06"]
[SourceVersion "1"]
[SourceVersionDate "2017.10.06"]
[SourceQuality "1"]

1. d4 Nf6 2. Nf3 e6 3. e3 b6 4. b3 Bb7 5. Bb2 c5 6. Bd3 Nc6 7. a3 Be7 8. Nbd2 0-0 9. Qe2 Qc7 10. 0-0 d6 11. c4 Rac8 12. Rad1 cxd4 13. exd4 d5 14. Ne5 Rfd8 15. Ndf3 dxc4 16. bxc4 Nxe5 17. Nxe5 g6 18. Rfe1 Bf8 19. Rc1 Bh6 20. Rc2 Bg7 21. Qe3 Qe7 22. g3 Nd7 23. f4 Nxe5 24. fxe5 Rc7 25. Bf1 Rdc8 26. Rec1 Qf8 27. a4 Bh6 28. Qb3 Bxc1 29. Bxc1 Qd8 30. Be3 Ba6 31. Qb4 Rd7 32. Qd2 f6 33. Bh3 f5 34. Bg5 Qf8 35. d5 exd5 36. e6 Rdc7 37. e7 Qf7 38. Bg2 Bb7 39. Qe3 Re8 40. Qe5 Rcxe7 41. Bxe7 Rxe7 42. Qb8+ Kg7 43. Qxa7 dxc4 44. Qxb6 Bxg2 45. Qd4+ Qf6 46. Qxf6+ Kxf6 47. Kxg2 Rc7 48. Kf3 Ke5 49. Ke3 Kd5 50. a5 Ra7 51. Ra2 Ra6 52. Ra1 Kc5 53. Kd2 Kd4 54. Kc2 g5 55. Ra4 f4 56. gxf4 gxf4 57. Ra3 Ke4 58. Kc3 f3 59. Kxc4 f2 0-1

[Event "Yerevan op 2nd"]
[Site "Yerevan"]
[Date "2017.09.20"]
[Round "2"]
[White "Nalbandian, Tigran"]
[Black "Matevosyan, Sedrak"]
[Result "1-0"]
[WhiteElo "2455"]
[BlackElo "2202"]
[PlyCount "71"]
[EventDate "2017.09.19"]
[EventType "swiss"]
[EventRounds "9"]
[EventCountry "ARM"]
[SourceTitle "CBM 180 Extra"]
[Source "ChessBase"]
[SourceDate "2017.10.06"]
[SourceVersion "1"]
[SourceVersionDate "2017.10.06"]
[SourceQuality "1"]

1. Nf3 c5 2. g3 Nc6 3. Bg2 g6 4. c3 e5 5. e4 Bg7 6. 0-0 Nge7 7. d3 0-0 8. a3 d5 9. b4 dxe4 10. dxe4 Qxd1 11. Rxd1 Be6 12. Be3 Rfd8 13. Nbd2 cxb4 14. axb4 b5 15. Bf1 Rdb8 16. Rdb1 f5 17. Ng5 Bc8 18. c4 h6 19. cxb5 Nd4 20. Bc4+ Kf8 21. Ngf3 fxe4 22. Nxd4 exd4 23. Bf4 Rb6 24. Nxe4 g5 25. Bc7 Rb7 26. b6 Bf5 27. Nc5 Bxb1 28. Nxb7 Be4 29. Nc5 axb6 30. Ne6+ Kg8 31. Rxa8+ Bxa8 32. Nxg7+ Bd5 33. Nf5 Bxc4 34. Nxe7+ Kf8 35. Ng6+ Kg7 36. Ne5 1-0

[Event "Poti op 12th"]
[Site "Poti"]
[Date "2017.07.16"]
[Round "3"]
[White "Matevosyan, Sedrak"]
[Black "Erdogdu, Mert"]
[Result "1/2-1/2"]
[WhiteElo "2184"]
[BlackElo "2445"]
[PlyCount "116"]
[EventDate "2017.07.14"]
[EventType "swiss"]
[EventRounds "9"]
[EventCountry "GEO"]
[SourceTitle "CBM 179 Extra"]
[Source "ChessBase"]
[SourceDate "2017.08.23"]
[SourceVersion "1"]
[SourceVersionDate "2017.08.23"]
[SourceQuality "1"]

1. c4 Nf6 2. Nf3 c5 3. Nc3 e6 4. e3 d5 5. d4 a6 6. a3 dxc4 7. Bxc4 b5 8. Be2 Bb7 9. 0-0 Nbd7 10. dxc5 Bxc5 11. b4 Be7 12. Bb2 0-0 13. Qb3 Qb6 14. Rfd1 Rac8 15. Rac1 Rfd8 16. h3 h6 17. Qa2 Qa7 18. Qb3 Qb8 19. a4 bxa4 20. Qxa4 Nb6 21. Rxd8+ Bxd8 22. Qb3 Be7 23. Ra1 Nbd5 24. Bxa6 Bxa6 25. Nxd5 Nxd5 26. Rxa6 Qxb4 27. Qxb4 Nxb4 28. Ra7 Nd5 29. Bd4 Rc1+ 30. Kh2 Rc2 31. e4 Bd6+ 32. Be5 Bxe5+ 33. Nxe5 Nf4 34. Kg3 Ne2+ 35. Kh2 f6 36. Nd3 e5 37. g3 Rd2 38. Ra3 Nd4 39. Kg2 h5 40. h4 Nc2 41. Rc3 Ne3+ 42. Kg1 Rd1+ 43. Kh2 Ng4+ 44. Kg2 Rd2 45. Kf1 Ra2 46. Rb3 g6 47. Rb2 Ra4 48. Rb4 Ra3 49. Ke2 Kf7 50. Rb2 f5 51. Rb7+ Kf6 52. Rb6+ Kf7 53. Rb7+ Kg8 54. Rb4 Ra2+ 55. Ke1 Ra1+ 56. Ke2 Ra2+ 57. Ke1 Ra3 58. Ke2 Ra2+ 1/2-1/2

[Event "Batumi Municipality Cup"]
[Site "Batumi"]
[Date "2017.07.07"]
[Round "6"]
[White "Matevosyan, Sedrak"]
[Black "Mikadze, Miranda"]
[Result "0-1"]
[WhiteElo "2184"]
[BlackElo "2265"]
[PlyCount "50"]
[EventDate "2017.07.02"]
[EventType "swiss"]
[EventRounds "9"]
[EventCountry "GEO"]
[SourceTitle "CBM 179 Extra"]
[Source "ChessBase"]
[SourceDate "2017.08.23"]
[SourceVersion "1"]
[SourceVersionDate "2017.08.23"]
[SourceQuality "1"]

1. c4 c6 2. Nf3 d5 3. d4 Nf6 4. Qc2 dxc4 5. Qxc4 Bf5 6. g3 e6 7. Bg2 Nbd7 8. 0-0 Be7 9. Nc3 0-0 10. Re1 Ne4 11. Qb3 Qb6 12. Nh4 Bxh4 13. gxh4 Nef6 14. e4 Bg6 15. Qxb6 axb6 16. Bf4 Rfe8 17. f3 e5 18. dxe5 Nxe5 19. Red1 b5 20. b3 Bh5 21. Kf2 Nfd7 22. Be3 f6 23. Rd2 b6 24. Rad1 Nc5 25. Ne2 Ra3 0-1

[Event "Yerevan Asrian Memorial 10th"]
[Site "Yerevan"]
[Date "2017.06.21"]
[Round "1"]
[White "Matevosyan, Sedrak"]
[Black "Melkumyan, Hrant"]
[Result "0-1"]
[WhiteElo "2184"]
[BlackElo "2624"]
[PlyCount "90"]
[EventDate "2017.06.21"]
[EventType "swiss"]
[EventRounds "9"]
[EventCountry "ARM"]
[SourceTitle "EXT 2018"]
[Source "ChessBase"]
[SourceDate "2017.10.13"]
[SourceVersion "1"]
[SourceVersionDate "2017.10.13"]
[SourceQuality "1"]

1. Nf3 Nf6 2. c4 g6 3. d4 Bg7 4. Nc3 0-0 5. e4 d6 6. Be2 c5 7. d5 e6 8. Bf4 exd5 9. exd5 Re8 10. 0-0 Ne4 11. Nxe4 Rxe4 12. Bg5 Qf8 13. Bd3 Re8 14. Qb3 Nd7 15. Rae1 f6 16. Rxe8 Qxe8 17. Bf4 Ne5 18. Nd2 f5 19. Re1 b6 20. Bf1 Bd7 21. h3 Qe7 22. Qe3 Bf6 23. Bg3 Qg7 24. Qa3 g5 25. f4 Nf7 26. fxg5 Bxb2 27. Qa6 Qxg5 28. Qb7 Rd8 29. Bf2 Qxd2 30. Re2 Qc1 31. Re7 Be8 32. Qxa7 Bf6 33. Re6 Be5 34. Qxb6 Qf4 35. g3 Qg5 36. h4 Qg4 37. Qxd8 Nxd8 38. Rxe8+ Kf7 39. Rxd8 Bxg3 40. Ra8 Bxh4+ 41. Bg2 Bxf2+ 42. Kxf2 Qd4+ 43. Kg3 f4+ 44. Kh2 Qe3 45. Ra7+ Kg6 0-1

[Event "Yerevan op 1st"]
[Site "Yerevan"]
[Date "2016.10.10"]
[Round "9"]
[White "Gevorgyan, David"]
[Black "Matevosyan, Sedrak"]
[Result "1-0"]
[WhiteElo "2335"]
[BlackElo "2141"]
[PlyCount "110"]
[EventDate "2016.10.02"]
[EventType "swiss"]
[EventRounds "9"]
[EventCountry "ARM"]
[SourceTitle "EXT 2017"]
[Source "ChessBase"]
[SourceDate "2016.10.25"]
[SourceVersion "1"]
[SourceVersionDate "2016.10.25"]
[SourceQuality "1"]

1. e4 c5 2. Nf3 d6 3. d3 Nc6 4. g3 g6 5. Bg2 Bg7 6. 0-0 Nf6 7. Nc3 0-0 8. Be3 e5 9. h3 Nh5 10. Nd5 h6 11. c3 Be6 12. Qd2 g5 13. h4 g4 14. Nh2 Kh7 15. Qe2 Qd7 16. Bd2 Nf6 17. Nxf6+ Bxf6 18. f3 gxf3 19. Rxf3 Bg7 20. Raf1 Ne7 21. Rf5 d5 22. Qh5 f6 23. Rxf6 Rxf6 24. Rxf6 Bxf6 25. Qxh6+ Kg8 26. Qxf6 Rf8 27. Qg5+ Kf7 28. Qh5+ Kg8 29. Qg5+ Kf7 30. Qh5+ Kg8 31. Nf3 dxe4 32. Qg5+ Kh7 33. Nxe5 Qd6 34. Qh6+ Kg8 35. Qg5+ Kh8 36. Qh6+ Kg8 37. Bxe4 Rf7 38. Nxf7 Qxg3+ 39. Bg2 Kxf7 40. Qf4+ Qxf4 41. Bxf4 b5 42. Be3 Nf5 43. Bxc5 Nxh4 44. Bc6 a6 45. a4 bxa4 46. Bxa4 Bf5 47. Bb3+ Ke8 48. d4 Nf3+ 49. Kf2 Nd2 50. Bd5 Ne4+ 51. Ke3 Nxc5 52. dxc5 a5 53. Kd4 Bc8 54. Kc4 Ba6+ 55. Kb3 Bb5 1-0

[Event "Yerevan op 1st"]
[Site "Yerevan"]
[Date "2016.10.06"]
[Round "5"]
[White "Matevosyan, Sedrak"]
[Black "Firouzja, Alireza"]
[Result "0-1"]
[WhiteElo "2141"]
[BlackElo "2463"]
[PlyCount "144"]
[EventDate "2016.10.02"]
[EventType "swiss"]
[EventRounds "9"]
[EventCountry "ARM"]
[SourceTitle "EXT 2017"]
[Source "ChessBase"]
[SourceDate "2016.10.25"]
[SourceVersion "1"]
[SourceVersionDate "2016.10.25"]
[SourceQuality "1"]

1. Nf3 c5 2. c4 g6 3. Nc3 Bg7 4. e3 Nf6 5. d4 0-0 6. Be2 cxd4 7. exd4 d5 8. 0-0 Nc6 9. h3 dxc4 10. Bxc4 b6 11. a3 Bb7 12. d5 Na5 13. Ba2 Rc8 14. Bg5 Nc4 15. Qe2 Nd6 16. Rfe1 Rc7 17. Rad1 Qa8 18. Qd3 Rd8 19. Ne5 a6 20. Be3 b5 21. Bb6 Rdc8 22. Bxc7 Rxc7 23. Rd2 Bh6 24. Rde2 Bf8 25. Ng4 Nfe8 26. h4 Qc8 27. Ne5 Nf6 28. Nf3 Qd7 29. Ne5 Qc8 30. Nf3 Qd7 31. Ng5 Qg4 32. Qh3 Qd4 33. Rd1 Qa7 34. Qe3 Qa8 35. Nge4 Nfe8 36. Nxd6 Nxd6 37. h5 Bg7 38. hxg6 hxg6 39. Ne4 Qd8 40. Ng5 Qc8 41. Bb1 Qg4 42. Ne4 Nc4 43. Qf3 Qxf3 44. gxf3 Nxb2 45. d6 exd6 46. Rxd6 Rc1+ 47. Kg2 Rxb1 48. Nc5 Bf8 49. Rd8 Bc6 50. Rc8 Kg7 51. Rxc6 Bxc5 52. Rxb2 Rxb2 53. Rxc5 Ra2 54. Rc3 g5 55. Kg3 f5 56. f4 gxf4+ 57. Kxf4 Rxf2+ 58. Kg5 f4 59. Rc7+ Kf8 60. Rc6 f3 61. Rxa6 Rg2+ 62. Kh4 Ke7 63. Ra7+ Ke6 64. Ra8 Ke5 65. Rb8 Kf4 66. Rf8+ Ke3 67. Re8+ Kd2 68. Kh3 Rg7 69. Rd8+ Ke2 70. Re8+ Kf2 71. Re5 Rh7+ 72. Kg4 Kg2 0-1

[Event "Yerevan op 1st"]
[Site "Yerevan"]
[Date "2016.10.03"]
[Round "2"]
[White "Kislinsky, Alexey"]
[Black "Matevosyan, Sedrak"]
[Result "1/2-1/2"]
[WhiteElo "2456"]
[BlackElo "2141"]
[PlyCount "97"]
[EventDate "2016.10.02"]
[EventType "swiss"]
[EventRounds "9"]
[EventCountry "ARM"]
[SourceTitle "EXT 2017"]
[Source "ChessBase"]
[SourceDate "2016.10.25"]
[SourceVersion "1"]
[SourceVersionDate "2016.10.25"]
[SourceQuality "1"]

1. e4 c5 2. b3 d6 3. Bb2 e6 4. Bb5+ Bd7 5. Bxd7+ Nxd7 6. f4 Ngf6 7. Nc3 Be7 8. Qf3 Qc7 9. Nge2 a6 10. 0-0-0 Rc8 11. g4 g5 12. e5 dxe5 13. fxg5 Nd5 14. Nxd5 exd5 15. Rhf1 Qc6 16. Qxf7+ Kd8 17. Nc3 d4 18. Nd5 Re8 19. c4 b5 20. Nf6 Rf8 21. Qxh7 Bxf6 22. gxf6 Rxf6 23. g5 Re6 24. Rf7 bxc4 25. Rdf1 cxb3 26. g6 Re8 27. axb3 c4 28. Rxd7+ Qxd7 29. Qh4+ Qe7 30. Qxe7+ Kxe7 31. Ba3+ Ke6 32. g7 cxb3+ 33. Kb2 Rg8 34. Rf8 e4 35. Kxb3 e3 36. dxe3 Rc3+ 37. Ka4 Rxg7 38. exd4 Rg5 39. Ra8 Rc4+ 40. Kb3 Rc6 41. Bc5 Rh5 42. Kc4 Kd7 43. Ra7+ Kc8 44. Rf7 Rxh2 45. Rf3 Kb7 46. Rf7+ Rc7 47. Rf6 Rb2 48. Rh6 Rf7 49. Rg6 1/2-1/2

[Event "Poti Aleksandria Cup 11th"]
[Site "Poti"]
[Date "2016.07.18"]
[Round "7"]
[White "Matevosyan, Sedrak"]
[Black "Kozlitin, Roman"]
[Result "1/2-1/2"]
[WhiteElo "2095"]
[BlackElo "2342"]
[PlyCount "178"]
[EventDate "2016.07.13"]
[EventType "swiss"]
[EventRounds "9"]
[EventCountry "GEO"]
[SourceTitle "CBM 173 Extra"]
[Source "ChessBase"]
[SourceDate "2016.08.29"]
[SourceVersion "1"]
[SourceVersionDate "2016.08.29"]
[SourceQuality "1"]

1. d4 f5 2. c4 Nf6 3. Nf3 e6 4. g3 Bb4+ 5. Nbd2 b6 6. Bg2 Bb7 7. 0-0 0-0 8. a3 Be7 9. b4 a5 10. b5 Qe8 11. Bb2 Qh5 12. e3 Ra7 13. Ne5 Qh6 14. Bxb7 Rxb7 15. f4 d6 16. Nef3 Nbd7 17. Qc2 Ng4 18. Qd3 d5 19. a4 Bb4 20. Bc3 Bd6 21. Kg2 Ngf6 22. Bb2 Ne4 23. Ba3 Ndf6 24. Rac1 Ng4 25. c5 Be7 26. c6 Bxa3 27. cxb7 Bd6 28. Qe2 Rb8 29. h3 Ngf6 30. Nxe4 Nxe4 31. Nd2 Nf6 32. Nf3 Rxb7 33. Ng5 Nd7 34. Qc2 Nf8 35. Qd3 Qg6 36. Rc6 Rb8 37. Rfc1 Rb7 38. Kf2 h6 39. Nf3 Qh5 40. Kg2 Qe8 41. Ne5 Nh7 42. R6c2 Ra7 43. Rg1 Nf6 44. Kh2 h5 45. Qd1 Ra8 46. Rcg2 Rd8 47. Qf3 g5 48. fxg5 Ng4+ 49. Nxg4 hxg4 50. hxg4 Qg6 51. Kh1 Qxg5 52. gxf5 Rf8 53. e4 dxe4 54. Qxe4 exf5 55. Qh4 Qe3 56. Qh5 Qxd4 57. Qg6+ Qg7 58. Qxg7+ Kxg7 59. Rd1 Re8 60. Rf2 Re4 61. Rxf5 Rxa4 62. Kg2 Rg4 63. Rd3 a4 64. Kh3 Rc4 65. Rg5+ Kf6 66. Rg4 Rxg4 67. Kxg4 a3 68. Rd4 Ke5 69. Ra4 Kd5 70. Kf3 c6 71. bxc6 Kxc6 72. Ke4 Kb5 73. Ra7 Kb4 74. Ra6 Kb5 75. Ra7 Kc4 76. Ra6 Bc5 77. g4 b5 78. g5 b4 79. g6 Bf8 80. Ra8 Bh6 81. Ra5 Kc3 82. Kd5 Kb3 83. Kc5 Bg7 84. Ra7 Bc3 85. g7 Bxg7 86. Rxg7 a2 87. Ra7 Kb2 88. Kxb4 a1Q 89. Rxa1 Kxa1 1/2-1/2

[Event "Poti Aleksandria Cup 10th"]
[Site "Poti"]
[Date "2015.07.13"]
[Round "1"]
[White "Matevosyan, Sedrak"]
[Black "Benidze, Davit"]
[Result "0-1"]
[WhiteElo "2145"]
[BlackElo "2465"]
[PlyCount "142"]
[EventDate "2015.07.13"]
[EventType "swiss"]
[EventRounds "9"]
[EventCountry "GEO"]
[SourceTitle "CBM 167 Extra"]
[Source "ChessBase"]
[SourceDate "2015.09.14"]
[SourceVersion "1"]
[SourceVersionDate "2015.09.14"]
[SourceQuality "1"]

1. Nf3 Nf6 2. c4 e6 3. d4 c5 4. e3 Be7 5. Nc3 0-0 6. Bd3 cxd4 7. exd4 d5 8. 0-0 Nc6 9. Re1 Nb4 10. Bf1 dxc4 11. Bxc4 b6 12. a3 Nbd5 13. Ne5 Bb7 14. Qf3 Rc8 15. Bg5 Ba8 16. Qh3 Nxc3 17. bxc3 Nd5 18. Bd3 f5 19. Bd2 Bg5 20. Bxg5 Qxg5 21. Bc4 b5 22. Bxb5 Rxc3 23. f3 Qf4 24. Rad1 Ne3 25. g3 Qg5 26. Rd3 Nd5 27. Rxc3 Nxc3 28. Bc4 Bd5 29. Qf1 f4 30. Qd3 Bxc4 31. Qxc4 Nd5 32. Qc6 Qf6 33. g4 h5 34. Re4 Rb8 35. Nd3 hxg4 36. Qxe6+ Qxe6 37. Rxe6 gxf3 38. Kf2 Rb3 39. Ne1 Rxa3 40. Nxf3 Ra2+ 41. Ke1 Nf6 42. Re5 Ra3 43. Ke2 Ng4 44. Re4 Ra2+ 45. Ke1 Nf2 46. Re6 Nd3+ 47. Kd1 Kf8 48. h4 Rb2 49. Ng5 Rb4 50. Nh7+ Kg8 51. Ng5 Rb8 52. Ke2 Nb4 53. Kf3 a5 54. Re5 Nc6 55. Rc5 Nxd4+ 56. Kxf4 Nb5 57. Rc4 Ra8 58. Ra4 Nd6 59. Ne6 Nb7 60. Ke5 Re8 61. Rg4 Nd8 62. Rxg7+ Kh8 63. Rd7 Nxe6 64. Ra7 Nc5+ 65. Kd5 Nb3 66. h5 Rc8 67. h6 Rc5+ 68. Kd6 Rh5 69. Kc6 Rxh6+ 70. Kb5 Rh4 71. Re7 Rb4+ 0-1

[Event "Yerevan Asrian Memorial 8th"]
[Site "Yerevan"]
[Date "2015.06.19"]
[Round "4"]
[White "Matevosyan, Sedrak"]
[Black "Vuilleumier, Alexandre"]
[Result "0-1"]
[WhiteElo "2174"]
[BlackElo "2354"]
[PlyCount "78"]
[EventDate "2015.06.16"]
[EventType "swiss"]
[EventRounds "9"]
[EventCountry "ARM"]
[SourceTitle "CBM 167 Extra"]
[Source "ChessBase"]
[SourceDate "2015.09.14"]
[SourceVersion "1"]
[SourceVersionDate "2015.09.14"]
[SourceQuality "1"]

1. c4 e5 2. Nc3 Bb4 3. Nd5 Be7 4. d4 d6 5. e4 Nf6 6. Nxe7 Qxe7 7. f3 Nc6 8. d5 Nd4 9. Be3 c5 10. dxc6 Nxc6 11. Ne2 0-0 12. Nc3 Be6 13. Be2 Nh5 14. Qd2 g6 15. Rd1 Rfd8 16. 0-0 f6 17. Nd5 Qf7 18. b4 Ng7 19. b5 Bxd5 20. cxd5 Nb8 21. Rc1 Ne8 22. f4 Nd7 23. Bg4 Qe7 24. Be6+ Kh8 25. f5 g5 26. h4 gxh4 27. Qf2 Nc5 28. Qxh4 Nc7 29. Kh2 b6 30. Rf3 Nxb5 31. Rg3 Nd4 32. Bh6 Ndxe6 33. fxe6 Rg8 34. Rf3 Rg6 35. Rcf1 Rag8 36. Rxf6 Nxe4 37. Qxe4 Rxf6 38. Qh4 Rxe6 39. Bg5 Rxg5 0-1

[Event "Yerevan Asrian Memorial 8th"]
[Site "Yerevan"]
[Date "2015.06.17"]
[Round "2"]
[White "Matevosyan, Sedrak"]
[Black "Andriasian, Zaven"]
[Result "0-1"]
[WhiteElo "2174"]
[BlackElo "2600"]
[PlyCount "52"]
[EventDate "2015.06.16"]
[EventType "swiss"]
[EventRounds "9"]
[EventCountry "ARM"]
[SourceTitle "CBM 167 Extra"]
[Source "ChessBase"]
[SourceDate "2015.09.14"]
[SourceVersion "1"]
[SourceVersionDate "2015.09.14"]
[SourceQuality "1"]

1. c4 e5 2. Nc3 Nc6 3. Nf3 Nf6 4. g3 Bb4 5. Bg2 Bxc3 6. bxc3 d6 7. 0-0 0-0 8. d3 h6 9. e4 Nh7 10. Rb1 Rb8 11. Ne1 f5 12. f4 fxe4 13. Bxe4 Bh3 14. Bd5+ Kh8 15. Ng2 Qd7 16. Qa4 Nf6 17. Be3 exf4 18. Nxf4 Bxf1 19. Ng6+ Kh7 20. Nxf8+ Rxf8 21. Bxc6 Qe6 22. Bf2 Bxd3 23. Re1 Qf5 24. Bg2 Ng4 25. Bxa7 b6 26. Qd1 Qc5+ 0-1

[Event "Poti Aleksandria Cup 9th"]
[Site "Poti"]
[Date "2014.07.15"]
[Round "4"]
[White "Matevosyan, Sedrak"]
[Black "Khomeriki, Nino"]
[Result "0-1"]
[WhiteElo "2215"]
[BlackElo "2101"]
[PlyCount "92"]
[EventDate "2014.07.13"]
[EventType "swiss"]
[EventRounds "9"]
[EventCountry "GEO"]
[SourceTitle "CBM 161 Extra"]
[Source "ChessBase"]
[SourceDate "2014.08.29"]
[SourceVersion "1"]
[SourceVersionDate "2014.08.29"]
[SourceQuality "1"]

1. c4 e5 2. Nc3 Nc6 3. g3 g6 4. Bg2 Bg7 5. Rb1 Nf6 6. b4 0-0 7. e3 Re8 8. Nge2 Nd4 9. Ng1 c6 10. d3 Ne6 11. Nf3 d5 12. cxd5 cxd5 13. Ne2 a5 14. b5 e4 15. dxe4 dxe4 16. Qxd8 Rxd8 17. Nd2 Nc5 18. 0-0 Be6 19. a3 Rac8 20. Nd4 Ba2 21. Ra1 Bd5 22. a4 Nfd7 23. Ba3 f5 24. Rfb1 Nb6 25. Bxc5 Rxc5 26. N2b3 Bxb3 27. Nxb3 Rc2 28. Rc1 Rdc8 29. Rxc2 Rxc2 30. Rd1 Bc3 31. f3 Nc4 32. Rd8+ Kg7 33. fxe4 Nxe3 34. Bf3 Rb2 35. Nc5 b6 36. Nd3 Rd2 37. Rd7+ Kf8 38. Ne5 Ra2 39. Nc6 Be1 40. Rd8+ Kg7 41. Rd7+ Kh6 42. e5 Bf2+ 43. Kh1 Ra1+ 44. Bd1 Rxd1+ 45. Rxd1 Nxd1 46. e6 Kg7 0-1

[Event "Poti Aleksandria Cup 9th"]
[Site "Poti"]
[Date "2014.07.14"]
[Round "2"]
[White "Matevosyan, Sedrak"]
[Black "Babujian, Levon"]
[Result "0-1"]
[WhiteElo "2215"]
[BlackElo "2469"]
[PlyCount "68"]
[EventDate "2014.07.13"]
[EventType "swiss"]
[EventRounds "9"]
[EventCountry "GEO"]
[SourceTitle "CBM 161 Extra"]
[Source "ChessBase"]
[SourceDate "2014.08.29"]
[SourceVersion "1"]
[SourceVersionDate "2014.08.29"]
[SourceQuality "1"]

1. c4 e5 2. Nc3 Nf6 3. Nf3 Nc6 4. g3 Bb4 5. Bg2 0-0 6. 0-0 e4 7. Ng5 Bxc3 8. bxc3 Re8 9. f3 e3 10. d3 d5 11. Qb3 Na5 12. Qa3 c6 13. cxd5 cxd5 14. f4 Nc6 15. Rb1 Bg4 16. Rxb7 Bxe2 17. Re1 Qc8 18. Qb2 Bxd3 19. Nxf7 Na5 20. Nd6 Qc5 21. Nxe8 Rxe8 22. Rb8 e2+ 23. Kh1 Qf2 24. Rxe8+ Nxe8 25. Rxe2 Bxe2 26. Qd2 Kh8 27. h3 Nf6 28. Qb2 Nc6 29. Qb7 Bf3 30. Qa8+ Ng8 31. Bxf3 Qxf3+ 32. Kh2 Qe2+ 33. Kg1 Qd1+ 34. Kg2 Qc2+ 0-1

[Event "Jermuk Asrian Memorial 7th"]
[Site "Jermuk"]
[Date "2014.06.20"]
[Round "5"]
[White "Matevosyan, Sedrak"]
[Black "Bagaturov, Giorgi"]
[Result "1/2-1/2"]
[WhiteElo "2233"]
[BlackElo "2427"]
[PlyCount "42"]
[EventDate "2014.06.16"]
[EventType "swiss"]
[EventRounds "9"]
[EventCountry "ARM"]
[SourceTitle "CBM 160 Extra"]
[Source "ChessBase"]
[SourceDate "2014.07.01"]
[SourceVersion "1"]
[SourceVersionDate "2014.07.01"]
[SourceQuality "1"]

1. c4 c6 2. Nf3 d5 3. d4 Nf6 4. Qc2 g6 5. g3 Bg7 6. Bg2 0-0 7. 0-0 Bf5 8. Qb3 Qb6 9. Nc3 Rd8 10. Qxb6 axb6 11. cxd5 Nxd5 12. Bg5 Be6 13. e4 Nxc3 14. bxc3 Kf8 15. a4 h6 16. Be3 Nd7 17. Rfb1 Ra5 18. d5 cxd5 19. Nd4 Bxd4 20. Bxd4 Rda8 21. exd5 Bxd5 1/2-1/2